| 000 | 00551nam a2200193Ia 4500 | ||
|---|---|---|---|
| 005 | 20250326141945.0 | ||
| 008 | 250326s9999 xx 000 0 und d | ||
| 020 | _a0-631-15204-0 | ||
| 037 | _aTextbook | ||
| 040 |
_aFMSL _beng _cFMSL |
||
| 041 |
_aeng _2eng |
||
| 084 |
_aX:8D.1 M8 _qFMSL |
||
| 100 |
_aStern J M _9744336 |
||
| 245 | 0 |
_aNew developments in international fice _cStern J M; Chew D H |
|
| 260 |
_aNew York _bNew York, Basil Blackwell _c1988 |
||
| 300 | _aix,230 | ||
| 942 |
_cTB _hX:8D.1 M8 |
||
| 999 |
_c1292781 _d1292781 |
||